| 000 | 00686nam a2200253Ia 4500 | ||
|---|---|---|---|
| 003 | OSt | ||
| 005 | 20221007104130.0 | ||
| 006 | a|||||r|||| 00| 0 | ||
| 007 | ta | ||
| 008 | 221006b |||||||| |||| 00| 0 eng d | ||
| 020 | _a0195691962 | ||
| 024 | _a15,002 | ||
| 037 | _cTextual | ||
| 040 |
_aLCO _cLCO _beng |
||
| 041 |
_2eng _aeng |
||
| 082 | _aZ3,91, L8 | ||
| 100 |
_aMacCormick Neil _9145099 |
||
| 245 | 0 | _aLegal Reasoning and Legal Theory | |
| 260 |
_aNew _bDelhi Oxford University Press India _c1978 |
||
| 300 | _a298 | ||
| 650 |
_aLEGAL REASONING AND LEGAL THEORY _9705710 |
||
| 942 |
_hZ3,91, L8 _cTEXL |
||
| 999 |
_c1184565 _d1184565 |
||